Reliability evaluation of power systems (Record no. 7252)

000 -LEADER
fixed length control field 00598nam a2200217 a 4500
001 - CONTROL NUMBER
control field 7252
003 - CONTROL NUMBER IDENTIFIER
control field BD-DhUET
008 - FIXED-LENGTH DATA ELEMENTS--GENERAL INFORMATION
fixed length control field 830524s1984 nyua b 001 0 eng
020 ## - INTERNATIONAL STANDARD BOOK NUMBER
International Standard Book Number 0273084852
040 ## - CATALOGING SOURCE
Original cataloging agency DLC
Transcribing agency DLC
Modifying agency BD-DhUET
082 ## - DEWEY DECIMAL CLASSIFICATION NUMBER
Classification number 623.1
Item number BIL/1984
100 ## - MAIN ENTRY--PERSONAL NAME
Personal name Billinton, Roy
245 10 - TITLE STATEMENT
Title Reliability evaluation of power systems
250 ## - EDITION STATEMENT
Edition statement 1st ed.
260 ## - PUBLICATION, DISTRIBUTION, ETC. (IMPRINT)
Place of publication, distribution, etc. Boston
Name of publisher, distributor, etc. Pitman Advanced Publishing Program
Date of publication, distribution, etc. 1984
300 ## - PHYSICAL DESCRIPTION
Extent xv,432p.
Other physical details ill.
Dimensions 24 cm.
504 ## - BIBLIOGRAPHY, ETC. NOTE
Bibliography, etc Includes bibliographies
650 #0 - SUBJECT ADDED ENTRY--TOPICAL TERM
Topical term or geographic name as entry element Electric power systems-Reliability
700 1# - ADDED ENTRY--PERSONAL NAME
Personal name Allan, Ronald N.
942 ## - ADDED ENTRY ELEMENTS (KOHA)
Koha item type General Book
Holdings
Withdrawn status Sublocation or collection (holding branch) Lost status Copy number Koha full call number Source of classification or shelving scheme Not for loan Koha date last seen Date acquired Location (home branch) Shelving location Price effective from Piece designation (barcode) Damaged status Koha item type Koha normalized classification for sorting
 Central Library, BUET 1623.1/BIL/1984  2016-07-162014-12-08Central Library, BUETCirculation section2014-12-0865001 General Book623_000000000000000_1BIL1984
 Central Library, BUET 2623.1/BIL/1984  2014-12-082014-12-08Central Library, BUETCirculation section2014-12-0865002 General Book623_000000000000000_1BIL1984
 Central Library, BUET 3623.1/BIL/1984  2017-09-092014-12-08Central Library, BUETCirculation section2014-12-0864092 General Book623_100000000000000_BIL_1984
 Central Library, BUET 4623.1/BIL/1984  2015-02-152015-02-15Central Library, BUETCirculation section2015-02-1564091 General Book623_100000000000000_BIL_1984
 Central Library, BUET 5623.1/BIL/1984  2015-06-252015-06-25Central Library, BUETReading section2015-06-2564094 General Book623_100000000000000_BIL_1984
 Central Library, BUET 6623.1/BIL/1984  2015-06-252015-06-25Central Library, BUETReading section2015-06-2565004 General Book623_100000000000000_BIL_1984